[Event "Moscow Open Young WGM"]
[Site "Moscow RUS"]
[Date "2011.01.29"]
[Round "1"]
[White "Fominykh, Maria"]
[Black "Zhao, Xue"]
[Result "0-1"]
[WhiteTitle "WIM"]
[BlackTitle "GM"]
[WhiteElo "2306"]
[BlackElo "2496"]
[WhiteFideId "4142411"]
[BlackFideId "8601283"]
[EventDate "2011.01.29"]

1. Nf3 c5 2. c4 g6 3. g3 Bg7 4. Bg2 Nc6 5. O-O d6 6. Nc3 Nh6 7. e3 O-O 8. d4
cxd4 9. Nxd4 Nxd4 10. exd4 Nf5 11. Ne2 Qb6 12. d5 Bd7 13. Be4 Qc5 14. Bd3 a6 15.
Rb1 b5 16. b3 bxc4 17. bxc4 Rab8 18. Qc2 e6 19. Bxf5 Rxb1 20. Qxb1 gxf5 21. Qb7
Qc8 22. Qb3 exd5 23. cxd5 Bb5 24. Qf3 Qc4 25. Re1 Qb4 26. Rd1 Re8 27. Be3 Qg4
28. Qxg4 fxg4 29. Nd4 Bc4 30. Nf5 Be5 31. Nh6+ Kg7 32. Rd2 Kg6 33. Nxg4 Bg7 34.
h4 h5 35. Nh2 Re5 36. Rd4 Bxd5 37. Ra4 Bb7 38. Nf1 Rd5 39. Nd2 Bc3 40. Nf1 a5
41. f4 Rd1 42. Kf2 Ba6 43. f5+ Kxf5 44. g4+ Ke6 45. Ng3 Bb4 46. a3 Ra1 47. Nxh5
Ra2+ 48. Kg3 Bb5 49. Rxb4 axb4 50. axb4 Ke5 51. Bf4+ Kd5 52. Nf6+ Ke6 53. Ne4
Ra3+ 54. Kf2 Bc6 55. Nd2 Ra4 56. h5 Rxb4 57. Ke3 Ba4 58. Ne4 Bc2 59. Nxd6 Rxf4
60. Kxf4 Kxd6 61. Kg5 Ke7 62. Kh6 Kf8 63. Kg5 Bd1 64. Kf6 Be2 65. h6 Bd3 66. g5
Bb1 67. Ke5 Ke7 68. Kd5 Kf8 69. Ke5 Kg8 70. Kf6 Bc2 71. Ke5 Kh7 72. Kf6 Bb3 73.
Kf5 Bc4 74. Kf6 Be6 75. Ke5 Kg6 76. Kf4 Ba2 77. Ke5 Bb1 78. Kf4 Kh5 79. g6 fxg6 0-1

[Event "Moscow Open Young WGM"]
[Site "Moscow RUS"]
[Date "2011.01.29"]
[Round "1"]
[White "Girya, Olga"]
[Black "Kashlinskaya, Alina"]
[Result "1-0"]
[WhiteTitle "WGM"]
[BlackTitle "WGM"]
[WhiteElo "2429"]
[BlackElo "2327"]
[WhiteFideId "4195752"]
[BlackFideId "4198026"]
[EventDate "2011.01.29"]

1. d4 Nf6 2. Nf3 g6 3. Bg5 Bg7 4. Nbd2 d6 5. c3 O-O 6. e4 c5 7. dxc5 dxc5 8. Bc4
Nc6 9. O-O Qc7 10. Qe2 b6 11. e5 Ng4 12. e6 f5 13. h3 Nf6 14. Rfd1 Nh5 15. Nf1
f4 16. Qe4 Rb8 17. N1h2 b5 18. Bd5 Rb6 19. a4 bxa4 20. Ng4 Nd8 21. Qxa4 a6 22.
Qa5 Nb7 23. Qa2 Nd8 24. Qa5 Nb7 25. Qa2 Nd8 26. Re1 Kh8 27. Rad1 Nf6 28. Bxf6
Bxf6 29. Nxf6 Rxf6 30. Ng5 Kg7 31. b4 cxb4 32. cxb4 Rxb4 33. Rc1 Qb8 34. Qa5
Bxe6 35. Nxe6+ Nxe6 36. Bxe6 Rb6 37. Bg4 1-0

[Event "Moscow Open Young WGM"]
[Site "Moscow RUS"]
[Date "2011.01.29"]
[Round "1"]
[White "Gunina, Valentina"]
[Black "Munguntuul, Batkhuyag"]
[Result "0-1"]
[WhiteTitle "WGM"]
[BlackTitle "IM"]
[WhiteElo "2471"]
[BlackElo "2410"]
[WhiteFideId "4167570"]
[BlackFideId "4900758"]
[EventDate "2011.01.29"]

1. d4 d5 2. c4 e6 3. Nc3 Nf6 4. Nf3 Be7 5. Bg5 O-O 6. e3 Nbd7 7. Rc1 a6 8. cxd5
exd5 9. Bd3 c5 10. O-O c4 11. Bb1 b5 12. Ne5 Bb7 13. Qc2 g6 14. f4 Ne4 15. Bh6
Re8 16. f5 Nxe5 17. dxe5 Bg5 18. Nxe4 dxe4 19. Rcd1 Qe7 20. e6 Bxh6 21. Rd7
Bxe3+ 22. Kh1 Qxd7 23. exd7 Re7 24. Qc3 Bc5 25. b4 Bd6 26. h4 Rd8 27. h5 Rdxd7
28. Qf6 Be5 29. Qh4 e3 30. hxg6 fxg6 31. Qg4 Rd4 32. Qg5 e2 33. Rg1 Rd1 34. Qh4
Rxg1+ 35. Kxg1 Bd4+ 0-1

[Event "Moscow Open Young WGM"]
[Site "Moscow RUS"]
[Date "2011.01.29"]
[Round "1"]
[White "Galojan, Lilit"]
[Black "Zawadzka, Jolanta"]
[Result "1/2-1/2"]
[WhiteTitle "IM"]
[BlackTitle "WGM"]
[WhiteElo "2385"]
[BlackElo "2371"]
[WhiteFideId "13301314"]
[BlackFideId "1122320"]
[EventDate "2011.01.29"]

1. d4 d5 2. c4 e6 3. Nf3 Nf6 4. Nc3 Bb4 5. e3 c5 6. a3 Bxc3+ 7. bxc3 O-O 8. Bd3
dxc4 9. Bxc4 Qc7 10. Be2 b6 11. O-O Bb7 12. Bb2 Nbd7 13. c4 Rac8 14. Rc1 Ne4 15.
Qc2 Ndf6 16. Ne5 Nd6 17. Rfd1 Rfd8 18. Qa4 Qb8 19. Qb3 Nf5 20. Bf1 Qc7 21. a4 1/2-1/2

[Event "Moscow Open Young WGM"]
[Site "Moscow RUS"]
[Date "2011.01.30"]
[Round "2"]
[White "Zhao, Xue"]
[Black "Zawadzka, Jolanta"]
[Result "1/2-1/2"]
[WhiteTitle "GM"]
[BlackTitle "WGM"]
[WhiteElo "2496"]
[BlackElo "2371"]
[WhiteFideId "8601283"]
[BlackFideId "1122320"]
[EventDate "2011.01.29"]

1. d4 d5 2. c4 e6 3. Nf3 Nf6 4. Bg5 Bb4+ 5. Nc3 h6 6. Bxf6 Qxf6 7. e3 O-O 8. Be2
dxc4 9. O-O c5 10. Ne4 Qe7 11. a3 cxd4 12. Qxd4 Ba5 13. Qxc4 Bd7 14. Qc5 Bd8 15.
Ne5 Bc6 16. Nxc6 Nxc6 17. Rfd1 Qh4 18. Bf3 Bb6 19. Qb5 Rad8 20. Nc3 Bc7 21. g3
Qf6 22. Bxc6 bxc6 23. Qxc6 Be5 24. Qc5 Rc8 25. Qxa7 Ra8 26. Qd7 Rfb8 27. Qd2 Rb3
28. Qc2 Rab8 29. Rab1 g6 30. Kg2 Qe7 31. Qe4 Qc7 32. Na2 Rxb2 33. Nb4 Rxb1 34.
Rxb1 Qc3 35. Kh3 Bd6 36. Nd5 exd5 37. Rxb8+ Kh7 38. Qe8 Bxb8 39. Qxb8 Qxa3 40.
Qb7 Kg8 41. Qxd5 Qe7 42. g4 Qf6 43. Kg3 Qa1 44. Qd8+ Kh7 45. Kg2 Qe5 46. Qd4 Qe6
47. Kg3 Qc6 48. Qf4 Kg7 49. Qe5+ Kh7 50. h4 Qh1 51. Qf6 Kg8 52. Qf3 Qg1+ 53. Kf4
Qc1 54. Qa8+ Kg7 55. Qd8 Qh1 56. Kg3 Qg1+ 57. Kf3 Qh1+ 58. Ke2 Qh3 59. Qd4+ Kg8
60. g5 hxg5 61. Qd8+ Kg7 62. Qxg5 Qh1 63. Qg4 Qb1 64. Qc4 Qf5 65. Qd4+ Kh7 66.
Kf1 Qh3+ 67. Kg1 Kg8 68. Qd8+ Kg7 69. Qg5 Kh7 70. Qg3 Qf5 71. Kg2 Kg8 72. Qf3
Qc5 73. Qe4 Qb5 74. Kg3 Qf1 75. Qg2 Qd1 76. Qf3 Qd6+ 77. Qf4 Qd1 78. Qf6 Qg1+
79. Kf3 Qd1+ 80. Kf4 Qe2 81. Kg3 Qd1 82. Qf3 Qd6+ 83. Kh3 Qe6+ 84. Qg4 Qd5 85.
h5 Qh1+ 86. Kg3 Qg1+ 87. Kf3 Qd1+ 88. Kf4 Qd6+ 89. Kf3 Qd1+ 90. Kg3 Qg1+ 91. Kf3
Qd1+ 92. Kg3 1/2-1/2

[Event "Moscow Open Young WGM"]
[Site "Moscow RUS"]
[Date "2011.01.30"]
[Round "2"]
[White "Munguntuul, Batkhuyag"]
[Black "Galojan, Lilit"]
[Result "1-0"]
[WhiteTitle "IM"]
[BlackTitle "IM"]
[WhiteElo "2410"]
[BlackElo "2385"]
[WhiteFideId "4900758"]
[BlackFideId "13301314"]
[EventDate "2011.01.29"]

1. e4 e5 2. Nf3 Nc6 3. Bb5 a6 4. Ba4 Nf6 5. O-O Be7 6. Re1 b5 7. Bb3 d6 8. a4
Bg4 9. c3 O-O 10. h3 Bxf3 11. Qxf3 Na5 12. Bc2 b4 13. d3 Nd7 14. Qg4 Rb8 15. Bh6
Bf6 16. Nd2 Nc5 17. d4 bxc3 18. bxc3 Rb2 19. Rac1 Qd7 20. Be3 Qxg4 21. hxg4 Ncb3
22. Bxb3 Nxb3 23. Nxb3 Rxb3 24. d5 h6 25. c4 Rb4 26. a5 Ra4 27. c5 Rxa5 28. cxd6
cxd6 29. Rc6 Be7 30. Bb6 Ra4 31. f3 Rb8 32. Rec1 Kh7 33. Bc7 Rb2 34. R1c2 Ra1+
35. Kf2 Raa2 36. Rxb2 Rxb2+ 37. Kg1 Ra2 38. Bxd6 Bxd6 39. Rxd6 f6 40. Kf1 Kg6
41. Rd7 a5 42. Ra7 Kh7 43. Ke1 Kg6 44. g3 Kh7 45. Kd1 Kg8 46. Ke1 Kh7 47. Rc7
Kg6 48. Rb7 Rc2 49. Ra7 Ra2 50. Kd1 Kh7 51. Kc1 Kg6 52. Re7 Ra3 53. d6 Rd3 54.
d7 a4 55. Kb2 Rd4 56. f4 Rd3 57. f5+ Kh7 58. Ka2 a3 59. g5 hxg5 60. g4 Rd2+ 61.
Kxa3 Rd4 62. Kb3 Rd1 63. Kc4 Rd6 64. Kc5 Rd1 65. Kc6 Rc1+ 66. Kd6 Rd1+ 67. Ke6
Rd4 68. Re8 1-0

[Event "Moscow Open Young WGM"]
[Site "Moscow RUS"]
[Date "2011.01.30"]
[Round "2"]
[White "Ambartsumova, Karina"]
[Black "Gunina, Valentina"]
[Result "0-1"]
[WhiteTitle "WIM"]
[BlackTitle "WGM"]
[WhiteElo "2332"]
[BlackElo "2471"]
[WhiteFideId "4166299"]
[BlackFideId "4167570"]
[EventDate "2011.01.29"]

1. e4 c6 2. d4 d5 3. e5 Bf5 4. Nd2 e6 5. Nb3 Nd7 6. Nf3 Bg6 7. Be2 Nh6 8. O-O
Be7 9. a4 O-O 10. a5 a6 11. Bd2 Rc8 12. Rc1 Nf5 13. g4 Nh4 14. Nxh4 Bxh4 15. f4
f6 16. exf6 Qxf6 17. Bb4 Rf7 18. Qd2 Be4 19. Qe3 g5 20. Bd6 gxf4 21. Bxf4 Rcf8
22. Nd2 Qxf4 23. Rxf4 Rxf4 24. Nxe4 Rxe4 25. Qd3 Bf2+ 26. Kg2 Rxd4 27. Qc3 Re4
28. Bd3 Bd4 29. Qb4 Rf2+ 30. Kh3 Re3+ 31. Kh4 Rxh2+ 32. Kg5 h6+ 0-1

[Event "Moscow Open Young WGM"]
[Site "Moscow RUS"]
[Date "2011.01.30"]
[Round "2"]
[White "Fominykh, Maria"]
[Black "Girya, Olga"]
[Result "1/2-1/2"]
[WhiteTitle "WIM"]
[BlackTitle "WGM"]
[WhiteElo "2306"]
[BlackElo "2429"]
[WhiteFideId "4142411"]
[BlackFideId "4195752"]
[EventDate "2011.01.29"]

1. d4 d5 2. c4 e6 3. Nf3 Nf6 4. Nc3 c5 5. cxd5 Nxd5 6. e3 Nc6 7. Bb5 cxd4 8.
exd4 Be7 9. O-O O-O 10. a3 Bf6 11. Qd3 Nxc3 12. bxc3 Bd7 13. Qe2 Ne7 14. Bd3 Bc6
15. Ne5 Bxe5 16. Qxe5 Qd5 17. Qxd5 Nxd5 18. c4 Nb6 19. Be3 Rad8 20. Rab1 Nc8 21.
Rfd1 Rd7 22. f3 Rfd8 23. Kf2 Ne7 24. g4 g6 25. Bc2 f5 26. Ke2 Kf7 27. h3 a6 28.
a4 h5 29. a5 hxg4 30. hxg4 Rh8 31. Rf1 Rh3 32. Rbd1 Rd8 33. Bf4 Rdh8 34. Rf2 Rh1
35. Rxh1 Rxh1 36. Rh2 fxg4 37. fxg4 Rxh2+ 38. Bxh2 g5 39. Bc7 Ng8 40. Ke3 Nf6
41. Bd1 Ke7 42. Be5 Nd7 43. Bc7 Nf6 44. Be5 Nd7 45. Bc7 Nf6 1/2-1/2

[Event "Moscow Open Young WGM"]
[Site "Moscow RUS"]
[Date "2011.01.31"]
[Round "3"]
[White "Girya, Olga"]
[Black "Zhao, Xue"]
[Result "1/2-1/2"]
[WhiteTitle "WGM"]
[BlackTitle "GM"]
[WhiteElo "2429"]
[BlackElo "2496"]
[WhiteFideId "4195752"]
[BlackFideId "8601283"]
[EventDate "2011.01.29"]

1. d4 Nf6 2. Nf3 e6 3. Bg5 h6 4. Bh4 b6 5. e3 Bb7 6. Nbd2 Be7 7. Bd3 g5 8. Bg3
g4 9. Ne5 h5 10. Rg1 d6 11. Nec4 Nd5 12. e4 Nb4 13. Qe2 N8c6 14. c3 d5 15. exd5
Nxd5 16. h3 h4 17. Be5 Bf6 18. Bxf6 Qxf6 19. Ne4 Qe7 20. hxg4 f5 21. Ned2 Nf4
22. Qe3 Nxd3+ 23. Qxd3 fxg4 24. Qg6+ Qf7 25. Qxg4 O-O-O 26. O-O-O Kb8 27. Qf3
Qg6 28. Qe3 b5 29. Ne5 Nxe5 30. Qxe5 Rh5 31. Qe2 b4 32. Nb3 bxc3 33. bxc3 Rg8
34. Nc5 Rxc5 35. dxc5 Qg5+ 36. Kb2 Qxc5 37. Rd4 h3 38. Qxe6 Qb6+ 39. Qxb6 axb6
40. Rh4 hxg2 41. Rd4 Kc8 42. Rd3 Rf8 43. Rd2 Bf3 44. Rd3 Be4 45. Rd2 Bf3 46. Rd3
Be4 47. Rd2 Rf5 48. f4 Rxf4 49. Rgxg2 1/2-1/2

[Event "Moscow Open Young WGM"]
[Site "Moscow RUS"]
[Date "2011.01.31"]
[Round "3"]
[White "Gunina, Valentina"]
[Black "Kashlinskaya, Alina"]
[Result "1-0"]
[WhiteTitle "WGM"]
[BlackTitle "WGM"]
[WhiteElo "2471"]
[BlackElo "2327"]
[WhiteFideId "4167570"]
[BlackFideId "4198026"]
[EventDate "2011.01.29"]

1. d4 Nf6 2. Nf3 g6 3. Bg5 Bg7 4. Nbd2 O-O 5. c3 d6 6. e4 c5 7. dxc5 dxc5 8. Bc4
Nc6 9. O-O Qc7 10. Re1 Na5 11. Bf1 h6 12. Bh4 Be6 13. Bg3 Qb6 14. Qc1 Rac8 15.
h3 Rfd8 16. Bh2 Nd7 17. b3 Qc6 18. Rb1 b5 19. e5 Qb6 20. b4 cxb4 21. Rxb4 a6 22.
Nd4 Nc5 23. N2f3 Na4 24. Qa3 Nxc3 25. Nxe6 fxe6 26. Rg4 Kf7 27. Qb2 Nd5 28. Qb1
g5 29. Nxg5+ hxg5 30. Rxg5 Rg8 31. Qg6+ Kf8 32. Rg3 Rc3 33. Rxc3 Nxc3 34. Re3
Qc6 35. Qh5 Nd5 36. Rf3+ Bf6 37. exf6 exf6 38. Be5 Nc4 39. Bxf6 Nd2 40. Qh6+ 1-0

[Event "Moscow Open Young WGM"]
[Site "Moscow RUS"]
[Date "2011.01.31"]
[Round "3"]
[White "Galojan, Lilit"]
[Black "Ambartsumova, Karina"]
[Result "1-0"]
[WhiteTitle "IM"]
[BlackTitle "WIM"]
[WhiteElo "2385"]
[BlackElo "2332"]
[WhiteFideId "13301314"]
[BlackFideId "4166299"]
[EventDate "2011.01.29"]

1. d4 Nf6 2. c4 e6 3. Nc3 Bb4 4. e3 c5 5. a3 Bxc3+ 6. bxc3 d6 7. Bd3 e5 8. e4
O-O 9. d5 Nbd7 10. Ne2 Re8 11. f3 Nf8 12. Be3 Bd7 13. a4 Rb8 14. O-O Ng6 15. Qd2
h6 16. Ng3 Qe7 17. Bc2 Qd8 18. Rfb1 Qa5 19. Kf2 Nf8 20. h4 Qd8 21. Rh1 N6h7 22.
Nf5 Bxf5 23. exf5 Nd7 24. g4 f6 25. Be4 Kf7 26. Rhg1 Rh8 27. Rgb1 Qe7 28. Rb2
Rhc8 29. Bc2 Rc7 30. Rh1 Rcc8 31. Rhb1 Rc7 32. Rg1 Rh8 33. Rgb1 Rb8 34. a5 Qd8
35. Ba4 Nhf8 36. Bc2 Nh7 37. Rb5 Qe7 38. Ba4 Qd8 39. Qb2 Qc8 40. Bc2 Ndf8 41.
Ba4 Nd7 42. Rb3 Nhf8 43. Qc2 Qd8 44. R1b2 Qe7 45. Qb1 b6 46. Bc6 Rbc8 47. Ra2
Rb8 48. Rab2 Rbc8 49. Qd1 Rb8 50. Kg3 Rd8 51. Qa1 Rb8 52. Bb5 Rcb7 53. Bc6 Rc7
54. Qh1 Rbc8 55. Ra3 Kg8 56. Bb5 Rb8 57. Rba2 Qd8 58. axb6 axb6 59. Qa1 Rcc8 60.
Bc6 Rc7 61. Rh2 Qe7 62. Ra6 Rbc8 63. Ra4 Nb8 64. Bb5 Nbd7 65. Rha2 Qd8 66. Ra6
Rb8 67. Ra7 Kf7 68. Bc6 Rbc8 69. Bb7 Rb8 70. Bc6 Rbc8 71. Rxc7 Rxc7 72. Ra8 Rc8
73. Ra7 Rc7 74. Ra8 Rc8 75. Ra2 Nb8 76. Bb5 Nbd7 77. Ra4 Kg8 78. Ra2 Kf7 79. Ra7
Rc7 80. Ra3 Rc8 81. Qh1 Ra8 82. Rxa8 Qxa8 83. g5 h5 84. g6+ Ke7 85. Qb1 Qa3 86.
Bd2 Nb8 87. Kf2 Nfd7 88. Ke2 Kf8 89. Qc2 Ke7 90. Bc1 Qa5 91. Qb2 Kf8 92. Qa3
Qxa3 93. Bxa3 Ke7 94. Bc1 Kf8 95. Kd1 Ke7 96. Kc2 e4 97. fxe4 Ne5 98. Bf4 Ng4
99. Bg3 Ne3+ 100. Kd3 Ng4 101. Ba4 Nd7 102. Bxd7 Kxd7 103. Kc2 Kc7 104. Kb3 Ne3
105. Bf4 Ng4 106. Ka4 Kd7 107. Kb5 Kc7 108. Ka6 Nf2 109. Bh6 Nxe4 110. Bxg7 Ng3
111. Bxf6 Nxf5 112. g7 Nh6 113. Bg5 Ng8 114. Ka7 1-0

[Event "Moscow Open Young WGM"]
[Site "Moscow RUS"]
[Date "2011.02.01"]
[Round "4"]
[White "Zhao, Xue"]
[Black "Munguntuul, Batkhuyag"]
[Result "1-0"]
[WhiteTitle "GM"]
[BlackTitle "IM"]
[WhiteElo "2496"]
[BlackElo "2410"]
[WhiteFideId "8601283"]
[BlackFideId "4900758"]
[EventDate "2011.01.29"]

1. d4 d5 2. c4 c6 3. Nf3 Nf6 4. Nc3 e6 5. g3 dxc4 6. Ne5 c5 7. Be3 cxd4 8. Bxd4
Bd7 9. Bg2 Be7 10. O-O Qc8 11. Rc1 O-O 12. Ne4 Nxe4 13. Bxe4 Bb5 14. Nxc4 Nc6
15. Be3 Rd8 16. Qb3 Bxc4 17. Rxc4 Qd7 18. Bxc6 bxc6 19. Qc2 Qd5 20. b3 c5 21.
Rc1 h6 22. Bxc5 Bxc5 23. Rxc5 Qd2 24. Qxd2 Rxd2 25. R1c2 Rad8 26. Kg2 g6 27.
Rxd2 Rxd2 28. Ra5 Rd7 29. Kf3 Kg7 30. h4 Kf6 31. g4 g5 32. h5 Rc7 33. Ke4 Rd7
34. e3 Ke7 35. b4 Kf6 36. f3 Rb7 37. b5 Rd7 38. Ra6 Rb7 39. a4 Rd7 40. Rc6 Ke7
41. Rc4 Kf6 42. a5 Rd5 43. Rb4 Ke7 44. b6 axb6 45. axb6 Kd6 46. f4 f5+ 47. gxf5
exf5+ 48. Kf3 g4+ 49. Ke2 Kc5 50. b7 Kxb4 51. b8=Q+ Kc4 52. Qg8 1-0

[Event "Moscow Open Young WGM"]
[Site "Moscow RUS"]
[Date "2011.02.01"]
[Round "4"]
[White "Kashlinskaya, Alina"]
[Black "Galojan, Lilit"]
[Result "1/2-1/2"]
[WhiteTitle "WGM"]
[BlackTitle "IM"]
[WhiteElo "2327"]
[BlackElo "2385"]
[WhiteFideId "4198026"]
[BlackFideId "13301314"]
[EventDate "2011.01.29"]

1. d4 Nf6 2. c4 e6 3. Nc3 Bb4 4. e3 O-O 5. Bd3 c5 6. Nf3 d5 7. O-O dxc4 8. Bxc4
Nbd7 9. a3 cxd4 10. axb4 dxc3 11. bxc3 Qc7 12. Be2 Nd5 13. c4 Nc3 14. Qc2 Nxe2+
15. Qxe2 b6 16. Bb2 Bb7 17. Nd4 a6 18. Rfc1 Rfc8 19. f3 Ne5 20. c5 Nc6 21. Nxc6
Qxc6 22. Qc4 f6 23. Rd1 Rd8 24. Qb3 bxc5 25. bxc5 Rd5 26. Rxd5 Qxd5 27. Qxd5
Bxd5 28. Bc3 Rc8 29. Rxa6 1/2-1/2

[Event "Moscow Open Young WGM"]
[Site "Moscow RUS"]
[Date "2011.02.01"]
[Round "4"]
[White "Fominykh, Maria"]
[Black "Gunina, Valentina"]
[Result "0-1"]
[WhiteTitle "WIM"]
[BlackTitle "WGM"]
[WhiteElo "2306"]
[BlackElo "2471"]
[WhiteFideId "4142411"]
[BlackFideId "4167570"]
[EventDate "2011.01.29"]

1. d4 d5 2. c4 c6 3. Nf3 Nf6 4. Nc3 dxc4 5. a4 Bf5 6. Nh4 e6 7. Nxf5 exf5 8. e3
Bb4 9. Bxc4 O-O 10. O-O Nbd7 11. Qd3 Nb6 12. Bb3 Qd7 13. a5 Nbd5 14. Bc2 g6 15.
f3 Bd6 16. Qe2 Qc7 17. g3 Bb4 18. Bd2 c5 19. Bb3 Nxc3 20. Bxc3 Bxc3 21. bxc3
cxd4 22. cxd4 Qc3 23. Bc4 Rfe8 24. Kf2 Rac8 25. Rfc1 Qb4 26. Qa2 Rc7 27. Rab1
Qe7 28. Qb3 Rec8 29. Rc2 Kg7 30. Rbc1 h5 31. Bd3 Rxc2+ 32. Rxc2 Rxc2+ 33. Bxc2
Qc7 34. Bd3 Qxa5 35. Qxb7 Qa2+ 36. Be2 a5 37. Qb5 a4 38. Kg1 a3 39. Bc4 Qa1+ 40.
Kf2 Qb2+ 41. Qxb2 axb2 42. Bd3 Nd5 43. e4 fxe4 44. fxe4 Nc3 45. e5 b1=Q 46. Bxb1
Nxb1 47. Ke3 Nc3 48. Kd3 Nd5 49. Kc4 Ne3+ 50. Kc5 Kf8 51. d5 Ke7 52. Kc6 Nc4 53.
d6+ Ke6 0-1

[Event "Moscow Open Young WGM"]
[Site "Moscow RUS"]
[Date "2011.02.02"]
[Round "5"]
[White "Gunina, Valentina"]
[Black "Girya, Olga"]
[Result "1-0"]
[WhiteTitle "WGM"]
[BlackTitle "WGM"]
[WhiteElo "2471"]
[BlackElo "2429"]
[WhiteFideId "4167570"]
[BlackFideId "4195752"]
[EventDate "2011.01.29"]

1. d4 d5 2. c4 c6 3. Nf3 e6 4. Nc3 dxc4 5. e4 b5 6. Be2 Bb7 7. O-O Nf6 8. Bg5
Nbd7 9. e5 h6 10. Bh4 g5 11. Bg3 Nd5 12. Ne4 Qb6 13. h4 g4 14. Ne1 h5 15. Nc2
O-O-O 16. Ng5 Re8 17. Nxf7 Rg8 18. a4 a6 19. Na3 Rg7 20. Nd6+ Bxd6 21. exd6 N7f6
22. axb5 cxb5 23. Bxc4 Rd7 24. Qe2 Qc6 25. Rfc1 Nc3 26. Qf1 Nfe4 27. Nxb5 Kb8
28. Rxc3 Nd2 29. Nc7 Nxf1 30. Bxf1 1-0

[Event "Moscow Open Young WGM"]
[Site "Moscow RUS"]
[Date "2011.02.02"]
[Round "5"]
[White "Galojan, Lilit"]
[Black "Fominykh, Maria"]
[Result "1/2-1/2"]
[WhiteTitle "IM"]
[BlackTitle "WIM"]
[WhiteElo "2385"]
[BlackElo "2306"]
[WhiteFideId "13301314"]
[BlackFideId "4142411"]
[EventDate "2011.01.29"]

1. d4 d6 2. Nf3 g6 3. c4 Bg7 4. g3 Nf6 5. Bg2 O-O 6. O-O Nc6 7. Nc3 a6 8. h3 Bd7
9. e4 e5 10. dxe5 Nxe5 11. Nxe5 dxe5 12. Bg5 h6 13. Be3 Be6 14. Qe2 Qc8 15. Kh2
Nd7 16. Nd5 Kh7 17. Rfd1 Re8 18. Qc2 a5 19. c5 Nb8 20. b3 Nc6 21. Rac1 Rd8 22.
a3 Rd7 23. f4 f5 24. exf5 Bxf5 25. Be4 Bxe4 26. Qxe4 Rf7 27. fxe5 Nxe5 28. Nf4
Qe8 29. Kg2 Qf8 30. Kh2 Qe8 31. Kg2 Qf8 1/2-1/2

[Event "Moscow Open Young WGM"]
[Site "Moscow RUS"]
[Date "2011.02.02"]
[Round "5"]
[White "Zawadzka, Jolanta"]
[Black "Kashlinskaya, Alina"]
[Result "1/2-1/2"]
[WhiteTitle "WGM"]
[BlackTitle "WGM"]
[WhiteElo "2371"]
[BlackElo "2327"]
[WhiteFideId "1122320"]
[BlackFideId "4198026"]
[EventDate "2011.01.29"]

1. e4 e5 2. Nf3 Nc6 3. Bb5 a6 4. Bxc6 dxc6 5. Nc3 f6 6. d4 exd4 7. Nxd4 c5 8.
Nde2 Qxd1+ 9. Nxd1 Be6 10. Bf4 O-O-O 11. Ne3 c4 12. Rd1 Rxd1+ 13. Kxd1 Bc5 14.
Nc3 Ne7 15. Ke2 Re8 16. h4 f5 17. h5 Bd4 18. Rd1 Bxc3 19. bxc3 fxe4 20. Be5 g6
21. Rh1 g5 22. h6 Ng6 23. Bf6 Nf4+ 24. Ke1 Rg8 25. a3 Rg6 26. Be5 Bf7 27. g3 Nd5
28. Nxd5 Bxd5 29. Rh5 Be6 30. Kd2 Bg4 31. Rh2 Rb6 32. Ke3 Rb1 33. Bf6 Re1+ 34.
Kd4 Kd7 35. Bxg5 Ke6 36. Kxc4 Kf5 37. Bf4 c6 38. Be3 Rb1 39. Kc5 a5 40. Kd6 a4
41. Ke7 Ra1 42. Bc5 b6 43. Bxb6 Rxa3 44. Rh1 Rxc3 45. Ra1 a3 46. Kd6 Kg6 47. Be3
Bf3 48. Ke5 c5 49. Kd6 Be2 50. Bxc5 Kxh6 51. Rxa3 Rxc2 52. Be3+ Kg6 53. Ke5 Bf3
54. Ra6+ Kf7 55. Rf6+ Kg8 56. Bh6 Rc8 57. Kf4 Re8 58. Rf5 Be2 59. Rg5+ Kf7 60.
Rg7+ Kf6 61. Rc7 Kg6 62. Rc6+ Kf7 63. Kf5 Bh5 64. Rc7+ Re7 65. Rxe7+ Kxe7 66.
Kxe4 Kf7 67. Ke5 Kg8 68. Kf6 Bf3 69. Bg7 Bd5 70. g4 1/2-1/2

[Event "Moscow Open Young WGM"]
[Site "Moscow RUS"]
[Date "2011.02.02"]
[Round "5"]
[White "Munguntuul, Batkhuyag"]
[Black "Ambartsumova, Karina"]
[Result "1-0"]
[WhiteTitle "IM"]
[BlackTitle "WIM"]
[WhiteElo "2410"]
[BlackElo "2332"]
[WhiteFideId "4900758"]
[BlackFideId "4166299"]
[EventDate "2011.01.29"]

1. e4 e5 2. Nf3 Nc6 3. Bb5 Nf6 4. O-O Nxe4 5. Re1 Nd6 6. Nxe5 Be7 7. Bf1 Nxe5 8.
Rxe5 O-O 9. d4 Bf6 10. Re1 Nf5 11. d5 d6 12. Nd2 g6 13. Ne4 Bg7 14. Bg5 f6 15.
Bf4 a5 16. Qd3 Bd7 17. c4 b6 18. Rad1 Bh6 19. Bd2 Bxd2 20. Qxd2 Rf7 21. b3 Qf8
22. a3 Ng7 23. b4 axb4 24. axb4 Bf5 25. Nc3 Re7 26. Nb5 Rxe1 27. Rxe1 Qf7 28. c5
bxc5 29. bxc5 dxc5 30. d6 cxd6 31. Nxd6 Rd8 32. Bc4 Qxc4 33. Nxc4 Rxd2 34. Nxd2
Kf7 35. Rc1 Ne6 36. Nb3 Nd4 37. Nxd4 cxd4 38. Rc7+ Kg8 39. h4 h5 40. f3 Kf8 41.
Kf2 Ke8 42. Rc4 d3 43. Rc7 Kf8 44. Ke3 Ke8 45. Rb7 Kf8 46. Rb4 Kf7 47. g4 hxg4
48. fxg4 Bc8 49. Kxd3 g5 50. h5 Kg7 51. Ke3 Kh6 52. Kf3 Kg7 53. Rb6 Kf7 54. Kg3
Kg7 55. Rc6 1-0

[Event "Moscow Open Young WGM"]
[Site "Moscow RUS"]
[Date "2011.02.03"]
[Round "6"]
[White "Zhao, Xue"]
[Black "Ambartsumova, Karina"]
[Result "1-0"]
[WhiteTitle "GM"]
[BlackTitle "WIM"]
[WhiteElo "2496"]
[BlackElo "2332"]
[WhiteFideId "8601283"]
[BlackFideId "4166299"]
[EventDate "2011.01.29"]

1. Nf3 Nf6 2. c4 e6 3. g3 d5 4. Bg2 Be7 5. O-O O-O 6. d4 dxc4 7. Qc2 a6 8. a4
Bd7 9. Qxc4 Bc6 10. Bg5 Bd5 11. Qd3 Be4 12. Qe3 Nbd7 13. Nc3 Bc6 14. Qd3 h6 15.
Bxf6 Nxf6 16. e4 Rc8 17. Rfd1 Bb4 18. Ne5 Be8 19. Qc4 c5 20. d5 exd5 21. exd5
Qd6 22. Qe2 b5 23. Nc6 Bxc6 24. dxc6 Qe6 25. Qxe6 fxe6 26. axb5 Bxc3 27. bxc3
axb5 28. Rdb1 Nd5 29. Rxb5 Nxc3 30. Rxc5 Nd5 31. Bh3 Kf7 32. Ra7+ Rc7 33. Rb7
Re8 34. Kf1 Ree7 35. Rxd5 exd5 36. Bd7 Rexd7 37. cxd7 Rc1+ 38. Ke2 Ke7 39. d8=Q+
Kxd8 40. Rxg7 Rc6 41. Kd3 Ke8 42. f4 Kf8 43. Rd7 Rc5 44. f5 d4 45. Rh7 Rxf5 46.
Rxh6 Kg7 47. Rh4 Ra5 48. Rxd4 Ra2 49. Rg4+ Kh6 50. h4 Ra3+ 51. Ke4 Ra4+ 52. Kf3
Ra3+ 53. Kg2 Ra2+ 54. Kh3 Ra3 55. Re4 Kh5 56. Re5+ Kh6 57. Kg4 Ra4+ 58. Kf3 Ra3+
59. Kf4 Ra4+ 60. Re4 Ra6 61. g4 Kg6 62. h5+ Kh6 63. Kf5 Ra8 64. Re6+ Kg7 65. g5
Rf8+ 66. Rf6 Ra8 67. h6+ Kh7 68. Rf7+ Kg8 69. g6 Ra5+ 70. Kg4 Ra4+ 71. Kg5 Ra5+
72. Rf5 1-0

[Event "Moscow Open Young WGM"]
[Site "Moscow RUS"]
[Date "2011.02.03"]
[Round "6"]
[White "Kashlinskaya, Alina"]
[Black "Munguntuul, Batkhuyag"]
[Result "0-1"]
[WhiteTitle "WGM"]
[BlackTitle "IM"]
[WhiteElo "2327"]
[BlackElo "2410"]
[WhiteFideId "4198026"]
[BlackFideId "4900758"]
[EventDate "2011.01.29"]

1. d4 Nf6 2. c4 c5 3. d5 e6 4. Nc3 exd5 5. cxd5 d6 6. g3 g6 7. Bg2 Bg7 8. Nf3
O-O 9. O-O Re8 10. Nd2 Nbd7 11. a4 Ne5 12. h3 Nh5 13. Kh2 f5 14. f4 Nf7 15. Ra3
Rb8 16. Nf3 a6 17. Qd3 Nf6 18. Nh4 Qd7 19. Bd2 b5 20. axb5 axb5 21. Ra5 c4 22.
Qf3 b4 23. Na2 Qc7 24. Ra4 Ne4 25. Bxb4 Bd7 26. Ra6 Bxb2 27. g4 Bf6 28. g5 Bb2
29. Bc3 Nxc3 30. Nxc3 Rb3 0-1